| 000 | 005120000a22001810004500 | ||
|---|---|---|---|
| 020 | _a0-13-510-370-3 | ||
| 041 | 0 | _aENG | |
| 082 | 0 | 4 | _aG 302.34 J661j |
| 100 | 1 | _aJohnson, David W. (1940-) | |
| 245 | 1 | 0 | _aJoining together : Group theory and group skills / David W. Johnson, Frank P. Johnson |
| 260 | _aNew Jersey, USA : Prentice-Hall | ||
| 300 | _a470 Pag | ||
| 001 | 9325 | ||
| 942 | _cBK | ||
| 999 |
_c39370 _d39370 |
||
| 336 |
_atexto _btxt _2rdacontent |
||
| 337 |
_2rdamedia _asin mediación _bn |
||
| 338 |
_2rdacarrier _avolumen _bnc |
||